Managing innovation in the new millennium (Record no. 404872)

000 -LEADER
fixed length control field 00319cam a22001097a 4500
008 - FIXED-LENGTH DATA ELEMENTS--GENERAL INFORMATION
fixed length control field 180718b2002 xxu||||| |||| 00| 0 eng d
020 ## - INTERNATIONAL STANDARD BOOK NUMBER
International Standard Book Number 8178811243
245 ## - TITLE STATEMENT
Title Managing innovation in the new millennium
Statement of responsibility, etc. edited by S.S. George
260 ## - PUBLICATION, DISTRIBUTION, ETC.
Place of publication, distribution, etc. Hyderabad
Name of publisher, distributor, etc. ICFAI Univ. Press
Date of publication, distribution, etc. 2002
300 ## - PHYSICAL DESCRIPTION
Extent 175p.
700 ## - ADDED ENTRY--PERSONAL NAME
Personal name George, S.S.
Holdings
Withdrawn status Lost status Damaged status Not for loan Permanent Location Current Location Date acquired Barcode Date last seen Price effective from Koha item type
        Indian Institute of Public Administration Indian Institute of Public Administration 2005-12-12 80712 2018-07-21 2018-07-21 Book

Powered by Koha